<?xml version="1.0" encoding="UTF-8"?><?xml-stylesheet type="text/xsl" href="static/style.xsl"?><OAI-PMH xmlns="http://www.openarchives.org/OAI/2.0/" xmlns:xsi="http://www.w3.org/2001/XMLSchema-instance" xsi:schemaLocation="http://www.openarchives.org/OAI/2.0/ http://www.openarchives.org/OAI/2.0/OAI-PMH.xsd"><responseDate>2026-04-18T00:22:05Z</responseDate><request verb="GetRecord" identifier="oai:www.recercat.cat:2072/486221" metadataPrefix="marc">https://recercat.cat/oai/request</request><GetRecord><record><header><identifier>oai:recercat.cat:2072/486221</identifier><datestamp>2025-09-17T08:35:51Z</datestamp><setSpec>com_2072_98</setSpec><setSpec>col_2072_378192</setSpec></header><metadata><record xmlns="http://www.loc.gov/MARC21/slim" xmlns:dcterms="http://purl.org/dc/terms/" xmlns:xsi="http://www.w3.org/2001/XMLSchema-instance" xmlns:doc="http://www.lyncode.com/xoai" xsi:schemaLocation="http://www.loc.gov/MARC21/slim http://www.loc.gov/standards/marcxml/schema/MARC21slim.xsd">
   <leader>00925njm 22002777a 4500</leader>
   <datafield ind2=" " ind1=" " tag="042">
      <subfield code="a">dc</subfield>
   </datafield>
   <datafield ind2=" " ind1=" " tag="720">
      <subfield code="a">Elías Ayay, Lorena Yalú</subfield>
      <subfield code="e">author</subfield>
   </datafield>
   <datafield ind2=" " ind1=" " tag="260">
      <subfield code="c">2025</subfield>
   </datafield>
   <datafield ind2=" " ind1=" " tag="520">
      <subfield code="a">La pandemia de covid-19 desafió al gobierno peruano y a la población en la búsqueda del bienestar social y la salud. Sin embargo, las deficiencias en la gestión institucional amenazaron a los pueblos indígenas. Este estudio analiza la respuesta de estas comunidades ante la enfermedad y los factores que dificultaron la implementación de medidas. Se argumenta que las prácticas ancestrales permitieron a los pueblos indígenas adoptar medidas propias durante la emergencia sanitaria. La investigación se centró en los departamentos de Junín y Ucayali, con presencia de comunidades amazónicas, mediante una metodología cualitativa con entrevistas semiestructuradas a representantes comunitarios, organizaciones indígenas y funcionarios públicos. Se encontró que los conocimientos ancestrales y las prácticas organizativas son fundamentales para su supervivencia en crisis sanitarias. No obstante, persiste la amenaza de retroceso en sus costumbres y saberes, lo que afecta su capacidad de respuesta y supervivencia como comunidades.</subfield>
   </datafield>
   <datafield ind2=" " ind1=" " tag="520">
      <subfield code="a">The Covid-19 pandemic challenged the Peruvian government and the population in the pursuit of social well-being and health. However, deficiencies in institutional management threatened indigenous peoples. This study analyzes the response of these communities to the disease and the factors that hindered the implementation of measures. It is argued that ancestral practices allowed indigenous peoples to adopt their own measures during the health emergency. The research focused on the departments of Junin and Ucayali, with the presence of Amazonian communities, using a qualitative methodology with semi-structured interviews with community representatives, indigenous organizations and public officials. It was found that ancestral knowledge and organizational practices are fundamental for their preservation in health crises, although the threat of regression in their customs and knowledge persists, which affects their capacity to respond and survive as communities.</subfield>
   </datafield>
   <datafield tag="653" ind2=" " ind1=" ">
      <subfield code="a">Población indígena</subfield>
   </datafield>
   <datafield tag="653" ind2=" " ind1=" ">
      <subfield code="a">Conocimientos tradicionales</subfield>
   </datafield>
   <datafield tag="653" ind2=" " ind1=" ">
      <subfield code="a">Autogestión y territorio</subfield>
   </datafield>
   <datafield tag="653" ind2=" " ind1=" ">
      <subfield code="a">Indigenous peoples</subfield>
   </datafield>
   <datafield tag="653" ind2=" " ind1=" ">
      <subfield code="a">Traditional knowledge</subfield>
   </datafield>
   <datafield tag="653" ind2=" " ind1=" ">
      <subfield code="a">Self-management and territory</subfield>
   </datafield>
   <datafield ind2="0" ind1="0" tag="245">
      <subfield code="a">Respuesta de las comunidades indígenas de Junín y Ucayali para enfrentar el covid-19 en Perú</subfield>
   </datafield>
</record></metadata></record></GetRecord></OAI-PMH>